Vehicle routing problem using genetic algrorithm /
Saved in:
| 主要作者: | |
|---|---|
| 格式: | Thesis 圖書 |
| 語言: | English |
| 出版: |
2006.
|
| 主題: | |
| 在線閱讀: | http://studentsrepo.um.edu.my/id/eprint/8079 |
| 標簽: |
添加標簽
沒有標簽, 成為第一個標記此記錄!
|
| LEADER | 01130cam a2200265 a 4500 | ||
|---|---|---|---|
| 001 | u730664 | ||
| 003 | SIRSI | ||
| 005 | 200611231612 | ||
| 008 | 061123s2006 my a t 000 0 eng m | ||
| 040 | |a UMM |d AUM |e rda | ||
| 043 | |a a-my--- | ||
| 090 | |a QA76.758 |b UM 2006 Sha | ||
| 100 | 0 | 0 | |a Shamini Nagaratnam |
| 245 | 1 | 0 | |a Vehicle routing problem using genetic algrorithm / |c Shamini Nagaratnam. |
| 260 | |c 2006. | ||
| 300 | |a xiv, 102 leaves : |b ill. ; |c 30 cm. | ||
| 502 | |a Dissertation (M.Softw.Eng.) -- Fakulti Sains Komputer dan Teknologi Maklumat, Universiti Malaya, 2006. | ||
| 504 | |a Bibliography: leaves 101-102. | ||
| 650 | 0 | |a Transportation problems (Programming) | |
| 650 | 0 | |a Transportation |x Mathematical models. | |
| 710 | 2 | 0 | |a Universiti Malaya. |b Fakulti Sains Komputer dan Teknologi Maklumat. |
| 856 | 4 | 1 | |u http://studentsrepo.um.edu.my/id/eprint/8079 |
| 596 | |a 1 25 | ||
| 999 | |a QA76.758 UM 2006 SHA |w LC |c 1 |i A512722057 |d 22/2/2007 |f 22/2/2007 |g 1 |l STACKS |m P01UTAMA |r Y |s Y |t TESIS |u 22/2/2007 | ||
| 999 | |a QA76.758 UM 2006 SHA |w LC |c 1 |i A516565750 |f 7/6/2023 |g 1 |l STACKS |m P25UMARCHI |r N |s Y |t CD |u 16/11/2017 |1 STEM |o .STAFF. MST-CD2585 | ||
